| 000 | 00375 a2200121 4500 | ||
|---|---|---|---|
| 001 | ART_28086 | ||
| 005 | 20260410161951.0 | ||
| 008 | 260409a | ||
| 245 | 1 | 0 | _aFiscal descentralization and voters choice as control |
| 100 | 1 | _aPorto, Alberto | |
| 700 | 1 | _aPorto, Natalia | |
| 773 | 0 |
_tJournal of applied economics _g- Vol. 3, NÂș 1 (mayo 2000) _wREV28044 |
|
| 999 |
_c30369 _d30369 |
||